| 000 | 00662nam a2200229 a 4500 | ||
|---|---|---|---|
| 008 | |||
| 049 | _aMAIN | ||
| 090 |
_aRC683.5 _bGRA |
||
| 100 | 1 | _aGrant, Robert P. | |
| 245 | 1 | 0 |
_aSpatial vector electrocardiography / _cRobert P. Grant. |
| 260 |
_aPhiladephia : _bBlakiston ; _c1951 |
||
| 300 |
_axiv, 149 p. : _bill. ; _c22 cm. |
||
| 500 | _aIncludes bibliographical references. | ||
| 500 | _aIncludes index. | ||
| 650 | 1 | _aElectrocardiography | |
| 700 | _aEstes, E. Harvey | ||
| 907 |
_a.b10283900 _b10-01-11 _c22-09-10 |
||
| 003 | |||
| 005 | 20230120204030.0 | ||
| 040 | _cNUST | ||
| 942 |
_cBOOKS _kRC683.5 _mGRA |
||
| 999 |
_c115897 _d115897 |
||